00702nam a2200205Ia 4500008004100000040001400041082002300055100002300078245004900101260003500150300001700185365002600202366000800228505002200236530003000258620008300288630004900371650002700420730004900447100315s9999 xx 000 0 und d cENGLISH  b8056 a658.1514  a"Mao, James C.T. " aQuantitative Analysis of Financial Decisions aLondon bMacmillan  c1969  a"xiv,625  " eRupees d1 b0.00  f0  gVaibhav Gaikwad  bDonated By RBI Library   a"Quantitative Analysis, Financial Management, Budgeting, Linear Programming " aQuantitative Analysis of Financial Decisions aFINANCIAL MANAGEMENT  aQuantitative Analysis of Financial Decisions